De usu authoritate juris civilis romanorum, per dominia principum christianorum

Збережено в:
Бібліографічні деталі
Автор: Duck, Arthur (Автор)
Формат: Книга
Мова:Латинська
Опубліковано: Bolonia Forni 1971
Предмети:
Теги: Додати тег
Немає тегів, Будьте першим, хто поставить тег для цього запису!

MARC

LEADER 00000nam a2200000 a 4500
001 UCR3186
003 CL-VaPUC
008 980124e19710000IT |||||||||||||||||lat|d
082 0 4 |a 340.54  |b DUC  |2 21 
100 0 |a Duck, Arthur  |e author  |9 402040 
245 1 0 |a De usu authoritate juris civilis romanorum, per dominia principum christianorum 
300 |a 405 p 
942 |c BK 
945 |d 19980124 00:00:00  |a cmena 
260 |a Bolonia  |b Forni  |c 1971 
650 0 |a Derecho romano  |9 255930 
650 0 |a Justicia   |9 255408 
650 0 |a Derecho civil  |9 255013 
650 0 |a Cristianismo  |9 257361 
583 |a last modification  |c 19980124 00:00:00  |k Rodrigo Vera 
999 |c 266283  |d 266281 
952 |0 0  |1 0  |4 0  |6 340_540000000000000_DUC_1971  |7 0  |8 DER_HIS  |9 297712  |a BIBDER  |b BIBDER  |d 2019-11-20  |i 1940414  |o 340.54 DUC 1971  |p 1940414  |r 2023-01-25  |w 2019-11-20  |x Ubicación 4to Piso  |y BK  |z Estos recursos deben solicitarse con anticipación  |k DER